Responses for show #7517 - Tuesday, April 25, 2017

Alan Lin game 2.

Contestants

Meike Olin, a retired insurance broker from Wilmington, North Carolina

Dan Atherton, a fundraising data analyst from Quincy, Massachusetts

Alan Lin, a software engineer from Santa Barbara, California (whose 1-day cash winnings total $24,000)

Jeopardy! Round responses

SIMILARLY NAMED SCHOOLS
TV ROLES THEN & NOW
SPEAKING OF TONGUES
DOG BREED NAMES
THE CALIFORNIA GOLD RUSH
WE'VE GOT CONTRACTIONS
    $200 16
Wake Forest

Dan
    $200 1
America Ferrera

Alan
    $200 11
the Liberty Bell

Alan
    $200 6
Weimaraner

Meike
    $200 26
1848

Alan
    $200 21
shan't

Alan
    $400 17
Northeastern

Alan
    $400 2
(Alan: Who is Cuoco?)

Mayim Bialik

AlanMeike
    $400 12
a shoe

Dan
    $400 7
(Meike: What's a Shetland collie?)

a (border) collie

DanMeike
    $400 27
Levi Strauss

Meike
    $400 22
'twas

Dan
    $600 18
Wellesley

Alan
    $600 3
Ed O'Neill

Dan
    $600 13
Gene Simmons

Meike
    $600 8
basenji

Meike
    $600 23
(Alex: Less than a minute now.)

o'er

Dan
    $800 19
Indiana

Dan
    $800 4
Martha Plimpton

Triple Stumper
    $800 14
Desdemona

Alan
    $1,800 9
a Lhasa apso

Meike
    $800 29
[The end-of-round signal sounds.]

Hearst

Dan
    $800 24
ma'am

Meike
    $1000 20
Berklee

Alan
    $1000 5
James Brolin

Meike
    $1000 15
William Jennings Bryan

Triple Stumper
    $1000 10
(Dan: What is a Siamese?)

the Saluki

Dan
Triple Stumper
    $1000 28
Sacramento

Alan
    $1000 25
e'er

Dan

Scores at the first commercial break (after clue 14):

Alan Dan Meike
$800 $400 $4,200

Scores at the end of the Jeopardy! Round:

Alan Dan Meike
$4,200 $4,200 $5,400

Double Jeopardy! Round responses

POETS & POETRY
THE OFFICE
COMEDY FILMS OF THE 1970s
EAT THIS VERB
"D" IN GEOGRAPHY
SHE'S GOT CONTRACTIONS
    $400 26
Robert Frost

Alan
    $400 21
sexual harassment

Alan
    $400 1
MASH

Meike
    $400 12
gobble

Meike
    $400 7
the Dead Sea

Alan
    $400 6
one hour

Meike
    $6,600 27
Virgil

Alan
    $800 22
the break room

Meike
    $800 2
Steve Martin

Dan
    $800 13
break bread

Meike
    $800 8
the Danube

Dan
    $800 17
an epidural

Dan
    $1200 28
"Annabel Lee"

Alan
    $1200 23
(Tom) Coughlin

Dan
    $1200 3
(Dan: Uh, who is... Inspector Sellers?)

Inspector Clouseau

AlanDan
    $1200 14
nosh

Meike
    $1200 9
Diamond Head

Meike
    $1200 18
(Meike: What is inducement?)
(Alex: In--?)
(Meike: Inducing?)

induction

DanMeike
    $1600 29
Minnehaha

Alan
    $1600 24
principal

Dan
    $1600 4
Blazing Saddles

Dan
    $1600 15
gum it

Meike
    $2,000 10
the Dardanelles

Meike
    $1600 19
dilation

Dan
    $2000 30
Innisfree

Triple Stumper
    $2000 25
by square foot

Dan
    $2000 5
Life of Brian

Dan
    $2000 16
masticate

Dan
    $2000 11
Djibouti

Meike
    $2000 20
Braxton Hicks

Meike

Scores at the end of the Double Jeopardy! Round:

Alan Dan Meike
$16,000 $18,600 $17,000

[wagering suggestions for these scores]

Final Jeopardy! Round responses

NUMERIC GROUPS
(Alex: [To Dan] 1959--[*]. The first group of American astronauts.)
AlanWho are the Seven Samurai
$4,000
MeikeWho is the Apollo 11 crew?
$15,001
DanWho are Apollo I
$15,401
the Mercury Seven

Final scores:

Alan Dan Meike
$12,000 $3,199 $1,999
2-day champion: $36,000 2nd place: $2,000 3rd place: $1,000

Game dynamics:

Coryat scores:

Alan Dan Meike
$10,200 $18,600 $15,600
16 R
(including 1 DD),
1 W
20 R,
2 W
19 R
(including 2 DDs),
2 W

Combined Coryat: $44,400

The J! Archive is created by fans, for fans. The Jeopardy! game show and all elements thereof, including but not limited to copyright and trademark thereto, are the property of Jeopardy Productions, Inc. and are protected under law. This website is not affiliated with, sponsored by, or operated by Jeopardy Productions, Inc. Join the discussion at JBoard.tv.